La alquimia en España / (Registro nro. 185513)

Detalles MARC
000 -LEADER
campo de control de longitud fija 01223nam a2200277 i 4500
001 - NÚMERO DE CONTROL
campo de control 185513
003 - IDENTIFICADOR DE NÚMERO DE CONTROL
campo de control SpMaBN
005 - FECHA Y HORA DE LA ÚLTIMA TRANSACCIÓN
campo de control 20250716063339.0
008 - DATOS DE LONGITUD FIJA--INFORMACIÓN GENERAL
campo de control de longitud fija 160615r19981889sp h |||| |dspa d
020 ## - NÚMERO INTERNACIONAL ESTÁNDAR DEL LIBRO
Número Internacional Estándar del Libro 84-7900-087-2
080 ## - NÚMERO DE LA CLASIFICACIÓN DECIMAL UNIVERSAL
Número de la Clasificación Decimal Universal 133.5:54(460)(093)
100 1# - ENTRADA PRINCIPAL--NOMBRE DE PERSONA
Nombre de persona Luanco, José Ramón de,
Fechas asociadas al nombre 1825-1905
9 (RLIN) 74486
245 13 - MENCIÓN DEL TÍTULO
Título La alquimia en España /
Mención de responsabilidad, etc. José Ramón de Luanco ; [nota preliminar, P.S.F. (Pere Sánchez Ferré)].
250 ## - MENCION DE EDICION
Mención de edición 1ª ed.
260 ## - PUBLICACIÓN, DISTRIBUCIÓN, ETC.
Lugar de publicación, distribución, etc. Barcelona :
Nombre del editor, distribuidor, etc. Alta Fulla,
Fecha de publicación, distribución, etc. 1998.
300 ## - DESCRIPCIÓN FÍSICA
Extensión X, 237 p., 288 p. ;
Dimensiones 16 cm.
490 1# - MENCIÓN DE SERIE
Mención de serie Ad litteram ;
Designación de volumen o secuencia 4.
Mención de serie La forja de Vulcano
500 ## - NOTA GENERAL
Nota general Índices.
534 ## - NOTA SOBRE LA VERSIÓN ORIGINAL
Frase introductoria Reprod. facs. de los 2 v. de.
Mención de título del original "La alquimia en España: escritos inéditos, noticias y apuntamientos que pueden servir para la historia de los adeptos españoles",
Publicación, distribución, etc. del original Barcelona: Imp. de Fidel Giró, 1889 [t. I] e Imp. de Redondo y Xumetra, 1897 [t. II]
598 ## - NOTA LOCAL
Nota local La forja de Vulcano, dir. por Pere Sánchez Ferré.
650 #7 - PUNTO DE ACCESO ADICIONAL DE MATERIA--TÉRMINO DE MATERIA
Término de materia o nombre geográfico como elemento de entrada Alquimia-
Subdivisión geográfica España.
9 (RLIN) 159866
700 1# - ENTRADA AGREGADA--NOMBRE PERSONAL
Nombre de persona Sánchez Ferré, Pere.
9 (RLIN) 102641
830 0# - PUNTO DE ACCESO ADICIONAL DE SERIE-TÍTULO UNIFORME
Título uniforme Ad litteram ;
Designación de volumen o secuencia 4.
Título uniforme La forja de Vulcano
9 (RLIN) 225230
852 ## - LOCALIZACIÓN
Ubicación ES-MaACL
Número de control de estantería L-30402
Nota libre . - Donat. Miguel A. Velasco
Existencias
Estatus retirado Estado de pérdida Estado de daño No para préstamo Biblioteca de origen Biblioteca actual Ubicación en estantería Fecha de adquisición Fuente de adquisición Total de préstamos Signatura topográfica completa Código de barras Visto por última vez Precio de reemplazo Tipo de ítem Koha
        Biblioteca del Ateneo de Madrid Biblioteca del Ateneo de Madrid Depósito 2 15/06/2016     L-30402 1195460 23/02/2023 23/02/2023 Libro impreso